000 00477nam a2200181Ia 4500
001 8857
005 20260306160640.0
008 260306t1998||||xx |||||||||||||| ||spa||
041 _aESP
082 _a371.5
_bD78
100 _aPerú. Pontificia Universidad Católica del Perú
_eAUT
245 0 _aDinámicas grupales y solución creativa de conflictos
260 _c1998
300 _a79 páginas :
_c21 cm.
650 _aGEN
654 _aCED
942 _cLIB
_dJUS
_fJUS
_2ddc
_n
999 _c8857
_d8857